00553nam a22001937a 450000500170000001000280001702000260004503500130007103500170008403700210010103700130012208200130013510000160014824500440016425000110020826000430021927000700026230000270033220160404142224.0 a1516ENO7 ENG-114775 a9789350717370c375.00 aEN-98307 aB-607265-273 adplbVariety/Ven bDBAD/PUB a336.2714 aDatey, V.S. aTaxmann's all about GST /cby V.S.Datey a2nd ed aNew DelhibTaxmann Publicationsc2015 a59/32,New Rohtak Road,bNew Delhi e110005k+91-11-45562222l-m- aI-12,292p. c24cm(pbk)